000 01293nam a2200325Ia 4500
001 ebr10660209
003 CaPaEBR
006 m u
007 cr cn|||||||||
008 091007s2009 nyua sb 001 0 eng d
010 _z 2009499120
020 _z9781607416890
020 _z9781606924662
020 _z1606924664
040 _aCaPaEBR
_cCaPaEBR
035 _a(OCoLC)436149505
050 1 4 _aQP616.P76
_bN337 2009eb
082 0 4 _a572/.633
_222
100 1 _aNagradova, N. K.
_q(Natalia Konstantinovna)
245 1 0 _aFoldases catalyzing the formation and isomerization of disulfide bonds in proteins
_h[electronic resource] /
_cNatalya K. Nagradova.
260 _aNew York :
_bNova Biomedical Books,
_cc2009.
300 _a75 p. :
_bill. (some col.)
504 _aIncludes bibliographical references (p. [61]-68) and index.
533 _aElectronic reproduction.
_bPalo Alto, Calif. :
_cebrary,
_d2013.
_nAvailable via World Wide Web.
_nAccess may be limited to ebrary affiliated libraries.
650 0 _aProtein disulfide isomerase.
650 0 _aProtein folding.
655 7 _aElectronic books.
_2local
710 2 _aebrary, Inc.
856 4 0 _uhttp://site.ebrary.com/lib/rucke/Doc?id=10660209
_zAn electronic book accessible through the World Wide Web; click to view
999 _c66596
_d66596